[Event "27th Keres Memorial 2018"]
[Site "Tallinn"]
[Date "2018.01.14"]
[Round "8.7"]
[White "Valner, Uku"]
[Black "Meskovs, Nikita"]
[Result "0-1"]
[WhiteElo "2267"]
[BlackElo "2577"]
[Annotator "TA"]
[PlyCount "59"]
[EventDate "2018.??.??"]
[EventType "swiss"]
[EventCountry "EST"]
[SourceTitle "playchess.com"]
[Source "ChessBase"]
[SourceQuality "1"]

{[%evp 19,59,-9,1,6,72,4,0,-42,-29,-55,-53,-58,-40,-54,-25,-32,-36,-14,-10,-27,-27,-29,-29,-33,-22,-54,-37,-117,-121,-117,-103,-197,-215,-193,-211,-207,-208,-196,85,-498,-489,-29999]} 1. e4 c5 2. Nc3 Nc6 3. g3 g6 4. Bg2 Bg7 5. d3 d6 6. f4 e6 7. Nf3 Nge7 8. O-O O-O 9. Be3 Nd4 10. e5 Nec6 {LiveBook: 5 Games} 11. exd6 {B25: Closed Sicilian: 3 g3, lines without early Be3} f5 (11... Rb8 $11 {remains equal.}) 12. Qd2 (12. Na4 $16) 12... Qxd6 $11 13. Bf2 $146 {The position is equal.} ({Find the theoretical novelty and annotate with similar games:} 13. Rae1 Nb4 14. Bxd4 cxd4 15. Nb5 Qc5 16. Nc7 Rb8 17. Nxe6 Bxe6 18. Rxe6 {½-½ (40) Schmid,M (2240)-Flachsbart,A (2123) Bad Wiessee 1999}) 13... Bd7 14. Ne2 Nxf3+ 15. Bxf3 e5 16. Rad1 Rae8 17. Bg2 Nd4 18. Nxd4 cxd4 19. fxe5 Bxe5 {Black wants to play ...f4.} 20. Qa5 Bc6 21. Rde1 f4 $36 {[%cal Rf4g3][%mdl 2048] Black fights for an advantage.} 22. Bxc6 bxc6 23. gxf4 ({White should play} 23. Kg2 $15) 23... Bxf4 $17 24. Rxe8 Rxe8 25. Qxa7 (25. Qa4 $17 {was worth a try.} Bxh2+ 26. Kg2) 25... Bxh2+ $19 26. Kg2 Be5 $1 27. Re1 Rf8 {( -> ...Qf6)} 28. Bh4 {[#]} Qe6 $2 {[#]} (28... g5 $1 $19 {[%cal Rg5h4][%mdl 512]} 29. Bxg5 Re8) 29. Re4 $2 {[%mdl 8192]} (29. Qxd4 $1 $16 {[%mdl 512] is necessary to keep the advantage.} Bxd4 30. Rxe6) 29... Qf5 {[%csl Gf8][%cal Rf5f1]} 30. Qe7 {Precision: White = 21%, Black = 27%.} (30. Rxe5 $19 Qxe5 31. Qe7) 0-1

[Event "27th Keres Memorial 2018"]
[Site "Tallinn"]
[Date "2018.01.14"]
[Round "8.8"]
[White "Kantans, Toms"]
[Black "Ozolins, Aris"]
[Result "1-0"]
[WhiteElo "2531"]
[BlackElo "2034"]
[Annotator "TA"]
[PlyCount "57"]
[EventDate "2018.??.??"]
[EventType "swiss"]
[EventCountry "EST"]
[SourceTitle "playchess.com"]
[Source "ChessBase"]
[SourceQuality "1"]

{[%evp 19,57,29,41,14,83,70,157,146,224,229,224,220,220,231,222,234,282,200,243,231,236,212,789,778,636,311,302,305,293,289,322,242,324,298,390,378,433,352,510,448]} 1. e4 c5 2. Nf3 Nc6 3. d4 cxd4 4. Nxd4 Nf6 5. Nc3 g6 6. Be3 Bg7 7. Bc4 O-O 8. Bb3 Ng4 9. Qxg4 Nxd4 10. Qd1 Nc6 {LiveBook: 6 Games. B35: Sicilian: Accelerated Dragon with 5 Nc3: main line} 11. h4 {[%cal Bh2h4,Bh4h5][%mdl 32]} d6 $146 (11... h5 $11) ({Predecessor:} 11... h5 12. Qd2 d6 13. Bh6 Qa5 14. O-O-O Be6 15. Bxg7 Kxg7 16. Kb1 Rac8 17. Bxe6 fxe6 18. f4 {0-1 (63) Ter Sahakyan,S (2566)-Arribas Lopez,A (2440) Albena 2011}) 12. h5 $16 Ne5 (12... Qa5 $14) 13. Qd2 Ng4 (13... Be6 $16 {might work better.}) 14. hxg6 $18 hxg6 15. Bg5 Be6 16. f3 {[%cal Bf2f3,Bf3g4,Bg4f5][%mdl 32]} Bxb3 17. axb3 f6 18. Bf4 g5 19. fxg4 gxf4 20. Qxf4 e5 $2 {[#]} (20... Qd7 21. Kd2 (21. Qh2 Qxg4 22. Qh7+ Kf7 $11) 21... e6) 21. Qf5 Qc8 22. O-O-O (22. Qh7+ $142 Kf7 23. Qh5+ Kg8 24. Nd5) 22... Qxf5 23. gxf5 ({Don't do} 23. exf5 $6 Rad8 $18) 23... Rfd8 24. g4 Rac8 25. Nb5 Bf8 26. Nxa7 Rc5 27. c4 Ra8 28. Nb5 Ra5 (28... Ra1+ {is a better defense.} 29. Kc2 Rxd1 30. Rxd1 Rc6) 29. Kb1 {Precision: White = 67%, Black = 14%.} 1-0

[Event "27th Keres Memorial 2018"]
[Site "Tallinn"]
[Date "2018.01.14"]
[Round "8.9"]
[White "Kanep, Meelis"]
[Black "Tronenkovs, Valdis"]
[Result "1/2-1/2"]
[WhiteElo "2487"]
[BlackElo "2266"]
[Annotator "TA"]
[PlyCount "82"]
[EventDate "2018.??.??"]
[EventType "swiss"]
[EventCountry "EST"]
[SourceTitle "playchess.com"]
[Source "ChessBase"]
[SourceQuality "1"]

{[%evp 12,82,0,-2,0,0,0,0,0,0,6,0,37,31,27,8,23,20,27,-1,0,0,0,0,0,-14,-39,-35,-22,-33,50,62,68,66,63,50,95,46,45,43,43,44,131,91,116,113,130,104,143,132,162,116,126,102,107,0,0,0,0,0,0,0,0,0,0,0,8,0,0,-8,-8,-600,-550]} 1. d4 Nf6 2. Bg5 c5 3. d5 Ne4 4. Bf4 e6 5. f3 Bd6 (5... Qa5+ 6. c3 Nf6 7. e4 exd5 8. exd5 d6 9. Na3 Be7 10. Ne2 O-O 11. Ng3 Re8 12. Be2 Bf8 13. O-O a6 14. Nc4 Qc7 15. a4 b6 16. Ne3 {½-½ (49) Andreikin,D (2743)-Marin,M (2576) Almaty 2016}) 6. Bxd6 {A45: Trompowsky Attack} Nxd6 7. Nc3 {LiveBook: 4 Games} b5 $146 {[%cal Bb7b5,Bb5b4][%mdl 32]} ({Find the theoretical novelty and annotate with similar games:} 7... Qh4+ 8. g3 Qb4 9. dxe6 dxe6 10. Qc1 Nc6 11. a3 Qa5 12. e3 O-O {1-0 (61) Oliva Castaneda,K (2509)-Albornoz Cabrera,C (2456) Villa Clara 2017}) 8. e4 {The position is equal.} b4 9. Nb5 Nxb5 10. Bxb5 Qa5 11. Qd3 e5 12. Ne2 O-O 13. O-O a6 14. Bc4 d6 15. f4 exf4 16. Nxf4 {[#] Hoping for Ne6!} Nd7 17. Qg3 Ne5 $1 18. Nh5 {[%csl Gh5][%cal Rg3g7]} Bg4 19. Nxg7 Kxg7 20. Be2 $1 {[%cal Re2g4]} Kh8 (20... h5 $15 21. Rf5 Rh8) 21. Bxg4 $14 Rg8 22. h3 Rg7 23. Rf6 c4 24. Kh1 Qc5 25. Raf1 $36 {[%cal Ba1f1,Bf1f4,Bf4f7][%mdl 2080] White fights for an advantage.} Rag8 26. Qf2 Qc7 ({Better is} 26... Nxg4 $14 27. hxg4 Rxg4) 27. Rh6 Nxg4 28. hxg4 Qe7 29. Qf5 Re8 {[#]} 30. Rf4 $1 a5 31. g5 Qxg5 32. Qxg5 Rxg5 33. Rxf7 (33. Rxd6 $16 Reg8 34. Rf2 (34. Rxf7 Rxg2 35. Ra6 Rg1+ 36. Kh2 R1g2+ 37. Kh3 R8g3+ 38. Kh4 Rg8 $11)) 33... Rxe4 $11 34. Rxd6 $16 {[%mdl 4096] Endgame KRR-KRR} Re1+ 35. Kh2 Re2 $1 36. Rd8+ Rg8 37. Rxg8+ Kxg8 38. Ra7 Kf8 39. d6 ({But not} 39. Rxh7 $2 Rxc2 40. Rc7 Rxb2 $19) 39... Ke8 $1 40. Rxa5 Rxc2 {aiming for ...Kd7.} 41. Rc5 $2 {[%mdl 8192]} (41. b3 $11) 41... Kd7 {[%mdl 32768] Precision: White = 44%, Black = 49%. . An unexpected result.} 1/2-1/2

[Event "27th Keres Memorial 2018"]
[Site "Tallinn"]
[Date "2018.01.14"]
[Round "8.10"]
[White "Volodin, Aleksandr"]
[Black "Shvyrjov, Igor"]
[Result "1-0"]
[WhiteElo "2397"]
[BlackElo "2310"]
[Annotator "ChessBase"]
[PlyCount "97"]
[EventDate "2018.??.??"]
[EventType "swiss"]
[EventCountry "EST"]
[SourceTitle "playchess.com"]
[Source "ChessBase"]
[SourceQuality "1"]
[TimeControl "900+5"]

1. d4 {[%emt 0:00:00]} d6 {[%emt 0:00:06]} 2. e4 {[%emt 0:00:28]} Nf6 {[%emt 0:00:05]} 3. Bd3 {[%emt 0:00:01]} Nc6 {[%emt 0:00:13]} 4. c3 {[%emt 0:00:16]} g6 {[%emt 0:00:04]} 5. Nf3 {[%emt 0:00:07]} Bg7 {[%emt 0:00:06]} 6. O-O {[%emt 0:00:03]} O-O {[%emt 0:00:01]} 7. h3 {[%emt 0:00:21]} e5 {[%emt 0:00:15]} 8. Re1 {[%emt 0:00:23]} h6 {[%emt 0:00:18]} 9. Nbd2 {[%emt 0:00:26]} Nh5 {[%emt 0:01:23]} 10. Nf1 {[%emt 0:00:06]} exd4 {[%emt 0:02:35]} 11. cxd4 {[%emt 0:00:03]} Nxd4 {[%emt 0:00:37]} 12. Nxd4 {[%emt 0:00:03]} Bxd4 {[%emt 0:00:03]} 13. Bxh6 {[%emt 0:00:06]} Bxb2 {[%emt 0:00:17]} 14. Rb1 {[%emt 0:00:09]} Bg7 {[%emt 0:00:04]} 15. Bxg7 {[%emt 0:00:03]} Kxg7 {[%emt 0:00:06]} 16. Ne3 {[%emt 0:00:22]} Nf4 {[%emt 0:01:14]} 17. Bf1 {[%emt 0:03:14]} Qg5 {[%emt 0:00:15]} 18. Qd4+ {[%emt 0:00:14]} f6 {[%emt 0:03:22]} 19. Ng4 {[%emt 0:01:41]} Bxg4 {[%emt 0:00:19]} 20. hxg4 {[%emt 0:00:01]} b6 {[%emt 0:01:20]} 21. f3 {[%emt 0:00:02]} Ne6 {[%emt 0:00:42]} 22. Qd5 {[%emt 0:01:00]} Qe5 {[%emt 0:00:27]} 23. Bc4 {[%emt 0:00:43]} Rae8 {[%emt 0:00:13]} 24. Rbc1 {[%emt 0:00:10]} Qd4+ {[%emt 0:00:58]} 25. Qxd4 {[%emt 0:00:57]} Nxd4 {[%emt 0:00:02]} 26. Bd5 {[%emt 0:00:31]} c5 {[%emt 0:00:01]} 27. a4 {[%emt 0:00:09]} Re7 {[%emt 0:00:06]} 28. Kf2 {[%emt 0:00:06]} a6 {[%emt 0:00:03]} 29. Rb1 {[%emt 0:00:45]} b5 {[%emt 0:00:06]} 30. Red1 {[%emt 0:00:08]} Rb8 {[%emt 0:00:05]} 31. Ke3 {[%emt 0:00:28]} b4 {[%emt 0:00:17]} 32. Kd3 {[%emt 0:00:32]} a5 {[%emt 0:00:08]} 33. Kc4 {[%emt 0:00:54]} Nc2 {[%emt 0:00:12]} 34. Kb3 {[%emt 0:00:22]} Nd4+ {[%emt 0:00:18]} 35. Kc4 {[%emt 0:00:01]} g5 {[%emt 0:00:13]} 36. Rb2 {[%emt 0:00:04]} Rc7 {[%emt 0:00:12]} 37. Rf1 {[%emt 0:00:40]} Rh8 {[%emt 0:00:03]} 38. Rbf2 {[%emt 0:00:13]} Rh2 {[%emt 0:00:07]} 39. f4 {[%emt 0:01:04]} gxf4 {[%emt 0:01:12]} 40. Rxf4 {[%emt 0:00:01]} Rxg2 {[%emt 0:00:01]} 41. Rxf6 {[%emt 0:00:01]} Rc2+ {[%emt 0:00:02]} 42. Kd3 {[%emt 0:00:05]} Rc3+ {[%emt 0:00:05]} 43. Kd2 {[%emt 0:00:00]} Rc2+ {[%emt 0:00:02]} 44. Kd3 {[%emt 0:00:16]} Rc3+ {[%emt 0:00:01]} 45. Kd2 {[%emt 0:00:01]} c4 {[%emt 0:00:06]} 46. Rf8 {[%emt 0:00:06]} Rd3+ {[%emt 0:00:02]} 47. Ke1 {[%emt 0:00:12]} c3 {[%emt 0:00:01]} 48. Rg8+ {[%emt 0:00:01]} Kh6 {[%emt 0:00:11]} 49. Rh1+ {[%emt 0:00:01]} 1-0

[Event "27th Keres Memorial 2018"]
[Site "Tallinn"]
[Date "2018.01.14"]
[Round "9.1"]
[White "Chigaev, Maksim"]
[Black "Alekseev, Evgeny"]
[Result "1/2-1/2"]
[WhiteElo "2639"]
[BlackElo "2697"]
[Annotator "TA"]
[PlyCount "19"]
[EventDate "2018.??.??"]
[EventType "swiss"]
[EventCountry "EST"]
[SourceTitle "playchess.com"]
[Source "ChessBase"]
[SourceQuality "1"]

{[%evp 13,19,29,31,23,35,24,10,13]} 1. e4 c5 2. Nf3 e6 3. d4 cxd4 4. Nxd4 Nc6 5. Nc3 a6 6. a3 d6 {B46: Sicilian: Taimanov: 5 Nc3 a6} 7. Be3 Nf6 {LiveBook: 7 Games} 8. f4 e5 9. Nxc6 $146 ({Find the theoretical novelty and annotate with similar games:} 9. Nde2 Be7 10. f5 b5 11. Ng3 Bb7 12. Nh5 O-O 13. Nd5 Nxh5 14. Qxh5 Nd4 {½-½ (36) Sax,G (2584)-Sakelsek,T (2202) Nova Gorica 2002}) 9... bxc6 10. Be2 1/2-1/2

[Event "27th Keres Memorial 2018"]
[Site "Tallinn"]
[Date "2018.01.14"]
[Round "9.2"]
[White "Aleksandrov, Aleksej"]
[Black "Kovalenko, Igor"]
[Result "0-1"]
[WhiteElo "2567"]
[BlackElo "2713"]
[Annotator "TA"]
[PlyCount "97"]
[EventDate "2018.??.??"]
[EventType "swiss"]
[EventCountry "EST"]
[SourceTitle "playchess.com"]
[Source "ChessBase"]
[SourceQuality "1"]

{[%evp 19,97,43,63,55,46,51,60,58,47,60,44,31,61,68,71,41,83,0,56,0,-23,-18,0,0,0,0,0,-25,0,0,93,101,125,127,140,136,147,0,0,0,0,0,0,0,0,-8,0,0,0,-19,-19,-22,-13,-20,-34,-145,-13,-13,-23,-260,-258,-285,-287,-1442,-274,-275,-258,-699,-303,-408,-429,-411,-398,-579,-503,-958,-958,-887,-772,-1946]} 1. d4 Nf6 2. c4 g6 3. Nc3 Bg7 4. e4 d6 5. Nf3 O-O 6. Be2 Bg4 7. Be3 Nfd7 8. Rc1 e5 9. d5 a5 10. O-O f5 {LiveBook: 3 Games. E91: King's Indian: Classical: 6 Be2, unusual replies including 6...c5 and 6...Bg4} (10... Bxf3 11. Bxf3 f5 12. Be2 Na6 13. exf5 gxf5 14. f4 Kh8 15. Kh1 Nac5 16. Qd2 a4 17. g3 Qf6 18. Qc2 e4 19. Rfd1 {0-1 (68) Arnaudov,P (2474)-Kovalenko,I (2651) Fornebu 2016}) 11. exf5 Bxf3 12. Bxf3 {Hoping for fxg6.} gxf5 {White is slightly better.} 13. Be2 $146 ({Predecessor:} 13. g3 Na6 14. Bg2 Nac5 15. b3 Qe7 16. Nb5 f4 17. Bd2 e4 18. Nxc7 f3 19. Bh3 {1-0 (41) Danielsen,H (2405)-Hoi,C (2355) Denmark 1987}) 13... f4 14. Bd2 Nc5 15. f3 Bf6 16. b3 Nbd7 17. Qc2 Kh8 18. Kh1 ({White should play} 18. a3 $1 $16) 18... Rg8 ({Black should try} 18... Bh4 $1 $11) 19. Bd3 (19. a3 $14) 19... Nxd3 $11 20. Qxd3 Rg6 21. Ne4 $36 {[%mdl 2048] White has good play.} b6 22. g3 fxg3 23. hxg3 Qe7 24. Be3 Rag8 (24... Bh4 $11 25. g4 Nf6) 25. Rc2 $16 Qf7 26. Rh2 Be7 27. f4 Qg7 {[#]} 28. Ng5 (28. f5 $1 $16 {[%cal Rf5g6]} Rg4 29. f6 Bxf6 {[#]} 30. Rxf6 $1 {[%mdl 512]} (30. Nxf6 Nxf6 31. Rxf6 Rxg3 $19) 30... Rxg3 31. Nxg3 Nxf6 32. Qf5) 28... Bxg5 $11 29. fxg5 Rf8 30. Rxf8+ Nxf8 31. a3 Kg8 32. b4 axb4 33. axb4 Qd7 34. Qe4 Rg7 35. c5 bxc5 36. bxc5 Rf7 37. c6 (37. Kg1 $15) 37... Qc8 (37... Rf1+ $17 38. Bg1 Qf7) 38. Kg1 $1 Ng6 39. Kg2 $2 (39. Rf2 $1 $11 {and White has nothing to worry.}) 39... Qa6 $19 {[%csl Gf7][%cal Ra6f1]} 40. Kh3 Qf1+ 41. Qg2 $2 (41. Kg4) 41... Qd1 $2 (41... Qf5+ 42. g4 Qd3) 42. Qe4 Rf3 43. Qg4 $2 (43. Bd2) 43... Kg7 (43... Qf1+ $142 44. Rg2 Rxe3 45. Qe6+ Qf7) 44. Qd7+ Rf7 45. Qg4 Qxd5 46. Qh5 (46. Qe2 $142) 46... Qxc6 {Black is clearly winning.} 47. Ra2 (47. Qe2 $142 d5 48. Rf2) 47... Qh1+ 48. Rh2 Qe4 49. Bd2 {Precision: White = 32%, Black = 39%.} 0-1

[Event "27th Keres Memorial 2018"]
[Site "Tallinn"]
[Date "2018.01.14"]
[Round "9.4"]
[White "Stupak, Kirill"]
[Black "Volodin, Aleksandr"]
[Result "1-0"]
[WhiteElo "2527"]
[BlackElo "2397"]
[Annotator "TA"]
[PlyCount "211"]
[EventDate "2018.??.??"]
[EventType "swiss"]
[EventCountry "EST"]
[SourceTitle "playchess.com"]
[Source "ChessBase"]
[SourceQuality "1"]

{[%evp 17,211,38,42,19,22,25,30,18,30,22,22,23,44,12,10,0,18,0,0,0,8,0,12,17,148,146,143,145,131,129,174,164,162,121,128,125,129,122,126,125,129,118,143,153,153,129,132,129,144,139,271,264,265,223,227,62,180,180,180,129,267,242,470,469,469,469,392,424,492,462,577,552,601,555,497,496,487,462,484,469,435,256,233,210,210,204,188,77,60,80,55,36,101,152,260,206,206,116,703,703,703,703,703,695,683,598,592,591,591,584,584,584,29952,29955,29953,29946,6617,5097,3105,2101,1856,449,3146,3146,3146,3146,3120,3139,3123,3105,3083,3010,1752,349,4062,4050,3396,3353,4065,4049,4114,4019,3843,3268,3973,3734,3584,3235,3592,3486,3366,2852,1858,618,29960,29963,29960,12847,12844,29939,12834,8,29978,29969,29971,29975,29974,29976,29976,29978,29978,29974,29975,29969,29968,29970,29970,29971,29976,29962,29941,0,29959,11685,6800,2891,2790,2239,2191,2163,1873,1873,29988,29989,29990,29991]} 1. d4 d5 2. Nf3 Nf6 3. c4 c6 4. Nc3 e6 5. g3 Be7 6. Bg2 O-O 7. O-O Nbd7 8. Nd2 b6 {E07: Closed Catalan: Main Line (5 Nf3 0-0 6 0-0 Nbd7)} (8... c5 9. cxd5 cxd4 10. dxe6 dxc3 11. exd7 cxb2 12. Bxb2 Bxd7 13. Nb3 a5 14. Rc1 Ra7 15. Nc5 Bxc5 16. Rxc5 {1-0 (65) Melkumyan,H (2633)-Nihal,S (2507) London 2017}) 9. e4 Bb7 {LiveBook: 10 Games} 10. Re1 dxe4 {The position is equal.} 11. Ndxe4 Nxe4 12. Nxe4 Nf6 13. Nc3 Qd7 14. Be3 $146 ({Predecessor:} 14. Bf4 Rfd8 15. Be5 c5 16. Bxb7 Qxb7 17. d5 exd5 18. Qf3 Rd7 19. Bxf6 Bxf6 20. Nxd5 Bd4 21. Re7 {1-0 (21) Antic,D (2473)-Radovanovic,D (2387) Pozarevac 2013}) 14... Rad8 15. Qf3 Ba8 16. Qe2 Qc8 17. Bh3 c5 18. d5 $1 Qb7 {[%cal Re6d5]} 19. Bg2 exd5 20. Bg5 Rd7 (20... h6 $11 {keeps the balance.}) 21. Bxf6 $16 Bxf6 22. Nxd5 Kh8 23. Be4 $1 Qb8 24. Nxf6 gxf6 25. Bxh7 {Strongly threatening Bf5.} Qb7 {[%csl Ga8][%cal Rb7h1]} 26. Be4 $40 {[%mdl 128] White goes for the king.} Qxe4 27. Qxe4 Bxe4 28. Rxe4 {[%mdl 4096] Endgame KRR-KRR} Rd2 29. b3 Rfd8 30. Re7 R8d7 31. Rae1 Kg7 32. Rxd7 Rxd7 {KR-KR} 33. Re2 Rd3 (33... Kg6 $16 34. Kg2 f5) 34. Re7 $18 a5 {[#]} 35. Rb7 $1 Rd6 36. g4 $2 (36. Kf1 $18) 36... Kg6 (36... a4 $1 $14) 37. Kg2 a4 38. h4 (38. bxa4 $18 f5 39. gxf5+ Kxf5 40. Rxf7+ Ke5 41. h4) 38... Rd4 (38... Rd2 $16 39. bxa4 Rxa2 40. Rxb6 Rxa4) 39. Rxb6 axb3 $2 (39... Rxg4+ {is a better defense.} 40. Kh3 Rd4) 40. axb3 Rxg4+ 41. Kh3 Rd4 42. Kg3 Rd3+ 43. f3 Rd1 44. Rb5 Rd3 45. Kf4 Rc3 46. Ke4 f5+ 47. Kf4 f6 48. Rb8 Rd3 49. Rb7 (49. Rb6 $142) 49... Rd4+ 50. Ke3 f4+ 51. Ke2 Rd6 52. Rb5 (52. Rc7 $18) 52... Re6+ $16 53. Kd2 Re3 54. Kc2 Rxf3 (54... Re2+ $14 55. Kd1 Re3) 55. Rxc5 Re3 (55... Rf2+ $16 56. Kd1 Rb2) 56. h5+ $18 Kf7 57. Rf5 ({Better is} 57. Rc7+ $18 Ke6 58. h6) 57... f3 $2 {[%mdl 8192]} (57... Re2+ $16 58. Kc1 Re4) 58. h6 Kg6 {[#]} 59. h7 $1 {[%mdl 512]} Kxh7 60. Rxf6 Kg7 61. Rf4 Kg6 62. b4 Kg5 63. Rf8 Kg4 64. b5 Re4 {[#]} 65. Kd3 $1 Re1 66. b6 Rb1 67. c5 Kg3 68. Kc4 f2 69. Kd5 Rb4 (69... Rb3 $142 70. Kc6 Rf3 71. Rxf3+ Kxf3) 70. Kc6 Rf4 71. Rxf4 Kxf4 {KPP-KP} 72. b7 f1=Q 73. b8=Q+ {KQ-KQ} Ke4 74. Qb4+ Ke5 75. Kb6 $2 (75. Qc3+ Ke4 76. Qb4+ Ke3 77. Qb2) 75... Qf2 $2 (75... Qf8 76. Qc3+ Ke4) 76. Qc3+ Ke6 77. Qc4+ Ke7 78. Qe4+ Kd8 79. Qd5+ Ke8 80. Qe6+ Kd8 81. Qd6+ Ke8 82. Qb8+ Kd7 83. Qc7+ Ke8 84. Kb7 Qb2+ 85. Kc8 Qb3 86. c6 Qb5 87. Qd8+ (87. Qb7 $142 Qc5 88. c7 Qf5+ 89. Kb8 Qe5 90. Qc6+ Kf7 91. Kb7 Qb2+ 92. Qb6 Qg2+ 93. Ka7) 87... Kf7 88. Qd7+ Kf6 89. c7 $2 ({White must play} 89. Qd6+ $18 Kf7 90. c7) 89... Qa5 $2 {[%mdl 8192]} (89... Qa6+ $11 90. Kd8 Qa8+ 91. c8=R (91. c8=Q Qa5+ 92. Ke8 Qh5+ 93. Kd8 Qa5+ 94. Qdc7 Qd5+ 95. Q7d7 Qa5+ $11) 91... Qa5+ 92. Rc7 Qa8+ 93. Rc8 Qa5+ 94. Qc7 Qd5+ 95. Ke8 Qg8+ 96. Kd7 Qe6+ 97. Kd8 Qd5+ 98. Ke8 Qg8+ 99. Kd7 Qe6+ 100. Kd8 Qg8+ 101. Kd7) 90. Qd6+ Kf7 91. Kb7 Qb5+ 92. Qb6 Qd5+ 93. Kb8 Qe5 94. Ka8 Qd5+ 95. Qb7 Qa5+ 96. Kb8 Qe5 97. Qb4 Ke8 98. Qa4+ Ke7 99. Kb7 $2 (99. Qc6 {mates} Qb2+ 100. Ka7 Qa3+ 101. Qa6 Qc5+ 102. Qb6 Qf5 103. Qc6 Qa5+ 104. Kb8 Qb4+ 105. Qb7) 99... Qd5+ $2 {[%mdl 8192]} (99... Qb2+ $11 100. Ka7 Qf2+ 101. Kb8 Qb2+ 102. Kc8 Qh8+ 103. Kb7 Qb2+ 104. Ka8 Qg2+ 105. Ka7 Qf2+ 106. Kb7 Qb2+) 100. Qc6 Qb3+ 101. Qb6 Qd5+ 102. Ka7 Kd7 103. Qb7 Qc5+ 104. Kb8 Qd6 105. Qb5+ Ke7 106. Kb7 {Precision: White = 67%, Black = 35%.} 1-0

[Event "27th Keres Memorial 2018"]
[Site "Tallinn"]
[Date "2018.01.14"]
[Round "9.5"]
[White "Shlykov, Vitali"]
[Black "Turov, Maxim"]
[Result "0-1"]
[WhiteElo "2289"]
[BlackElo "2640"]
[Annotator "TA"]
[PlyCount "80"]
[EventDate "2018.??.??"]
[EventType "swiss"]
[EventCountry "EST"]
[SourceTitle "playchess.com"]
[Source "ChessBase"]
[SourceQuality "1"]

{[%evp 22,80,8,0,0,-104,-105,-116,-104,-115,-110,-122,-43,-64,-60,-45,-40,-61,0,0,0,0,16,19,20,-105,-100,-112,-102,-160,-160,-156,-127,-165,-137,-202,-195,-190,-62,-197,-186,-195,-159,-243,-125,-147,-126,-148,-112,-207,-207,-225,-221,-229,-229,-497,-479,-1201,-1198,-1113,-1113]} 1. e4 c6 2. d4 d5 3. Nc3 dxe4 4. Nxe4 Bf5 5. Ng3 Bg6 6. h4 {[%cal Bh2h4,Bh4h5][%mdl 32]} h6 7. Nf3 Nf6 8. h5 Bh7 9. Bd3 Bxd3 10. Qxd3 e6 11. Bd2 c5 12. O-O-O Nc6 {[%cal Rc5d4] B19: Classical Caro-Kann: 4...Bf5 main line} 13. Qb5 (13. Bc3 $11) (13. Bc3 Nb4 14. Qb5+ Qd7 15. Qxd7+ Nxd7 16. Kb1 Nd5 17. Bd2 cxd4 18. Nxd4 Bc5 19. Bc1 N7f6 20. f3 {0-1 (42) Plat,V (2532)-Navara,D (2725) Tallinn 2016}) 13... Qb6 $17 14. Qxb6 axb6 {Black is better.} 15. a3 cxd4 16. Bf4 Nd5 $146 (16... Bc5 $17 17. Kb1 O-O) ({Find the theoretical novelty and annotate with similar games:} 16... O-O-O 17. Be5 Ng4 18. Bxd4 Rxd4 19. Rxd4 Nxd4 20. Nxd4 {½-½ (71) Khusnutdinova,A (2133)-Solozhenkina,E (2052) St Petersburg 2015}) 17. Be5 $15 Nxe5 18. Nxe5 Bd6 19. Rhe1 Ra4 {[#]} (19... O-O $15 20. Rxd4 b5) 20. Nf5 $1 $11 {[%cal Rf5d6][%mdl 512]} exf5 21. Ng6+ $1 Ne7 22. Nxh8 Kf8 23. b4 (23. Rd3 $11 {keeps the balance.}) 23... Nc6 $17 24. Kb2 b5 25. Kb3 (25. Rd3 $142) 25... Ra8 26. c4 bxc4+ 27. Kxc4 {[#]} Kg8 $1 ({Don't play} 27... Rxa3 28. b5 $17) 28. b5 (28. Ng6 $17 fxg6 29. hxg6) 28... Na5+ $19 29. Kxd4 Bxa3 (29... Kxh8 $19 30. a4 Rc8) 30. Ke5 ({Better is} 30. Nxf7 $15 Kxf7 31. Ke5) 30... Bb4 31. Rh1 Kxh8 32. Rd7 (32. Rh4 $17 Bc3+ 33. Kxf5) 32... Kg8 (32... Nc4+ $19 33. Kd4 Rc8 34. Rxf7 Nd6) 33. Kxf5 Rc8 34. Rhd1 Rc2 35. Rd8+ (35. f4 $17) 35... Kh7 36. f4 Nc4 {Strongly threatening ...Ne3+.} 37. R1d7 Rxg2 38. Rb8 $2 (38. b6 {only move.}) 38... Nd6+ {Black is clearly winning.} 39. Ke5 (39. Rxd6 $142 Bxd6 40. Rxb7) 39... Re2+ 40. Kd4 Rd2+ {Precision: White = 33%, Black = 52%.} 0-1